Understanding electro-mechanical engineering (Record no. 78460)

MARC details
000 -LEADER
fixed length control field 00872nam a2200169 a 4500
008 - FIXED-LENGTH DATA ELEMENTS--GENERAL INFORMATION
fixed length control field 120416s0000 ||||||||||||||||| || u
020 ## - INTERNATIONAL STANDARD BOOK NUMBER
International Standard Book Number 8120316819
050 ## - LIBRARY OF CONGRESS CALL NUMBER
Classification number TK 153 Kam
100 ## - MAIN ENTRY--PERSONAL NAME
Personal name Kamm, J. Lawrence
245 10 - TITLE STATEMENT
Title Understanding electro-mechanical engineering
246 ## -
-- an introduction to mechatronics
260 ## - PUBLICATION, DISTRIBUTION, ETC.
Place of publication, distribution, etc. New Delhi
Name of publisher, distributor, etc. Prentice - Hall
Date of publication, distribution, etc. 2000
350 ## -
-- 0.00
995 ## -
-- MAIN LIBRARY OPEN ACCESS
-- 0.00
-- 733200
-- CBU-MAIN LIBRARY (Kitwe)
-- 2
-- 20.00
-- TK 153 Kam
-- 2
-- AVAILABLE
-- 44545
-- Main Library Open Access Collection
995 ## -
-- MAIN LIBRARY OPEN ACCESS
-- 0.00
-- 733201
-- CBU-MAIN LIBRARY (Kitwe)
-- 3
-- 20.00
-- TK 153 Kam
-- 3
-- AVAILABLE
-- 44548
-- Main Library Open Access Collection
995 ## -
-- MAIN LIBRARY OPEN ACCESS
-- 0.00
-- 733199
-- CBU-MAIN LIBRARY (Kitwe)
-- 1
-- 20.00
-- TK 153 Kam
-- 1
-- AVAILABLE
-- Jun 27, 2006
-- 44546
-- Main Library Open Access Collection
999 ## -
-- 78460
-- 78460
Holdings
Withdrawn status Lost status Source of classification or shelving scheme Damaged status Not for loan Permanent Location Current Location Shelving location Date acquired Total Checkouts Full call number Barcode Date last seen Copy number Price effective from Koha item type
          CBU-MAIN LIBRARY, KITWE. CBU-MAIN LIBRARY, KITWE.   05/17/2023   TK 153 Kam 44545 05/17/2023 1 05/17/2023 MONOGRAPH
          CBU-MAIN LIBRARY, KITWE. CBU-MAIN LIBRARY, KITWE.   05/17/2023   TK 153 Kam 44548 05/17/2023 2 05/17/2023 MONOGRAPH
          CBU-MAIN LIBRARY, KITWE. CBU-MAIN LIBRARY, KITWE.   05/17/2023   TK 153 Kam 44546 05/17/2023 3 05/17/2023 MONOGRAPH